000 00595nam a2200217Ia 4500
005 20250508165002.0
008 008 250505s9999 xx 000 0 eng d
020 _a978-81-87358-58-9
037 _aTextual
040 _aFEDL
_beng
_cFEDL
041 _aeng
_2eng
084 _a954, AQU
_qFEDL
100 _aAquil Raziuddin Ed.
245 0 _aHistory in the vernacular
260 _aRanikhet, India
_bPermanent Black
_c2010
300 _axiv,498p.
365 _aINR
_b495
700 _a Chatterjee Partha Ed.
_9779641
942 _cTEXL
_h954, AQU
999 _c1392487
_d1392487